maman - Louane ESC 2025 (lyrics) - Statistics

General Stats
  • This quiz has been taken 47 times
  • The average score is 94 of 192
Answer Stats
Answer % Correct
ma
100%
«maman»
91%
Maman,
91%
maman,
91%
maman
91%
Maman
91%
a
79%
le
74%
je
71%
Je
71%
J'ai
65%
j'ai
65%
que
62%
ce
59%
la
59%
Les
59%
les
59%
Y
56%
arrêté
53%
moi
53%
plus
53%
si
53%
Si
53%
tu
53%
Tu
53%
Et
50%
main
50%
temps
50%
de
47%
De
47%
appelle
44%
Maintenant,
44%
vais
44%
c'est
41%
comme
41%
41%
qu'elle
41%
Toi,
41%
toi,
41%
voulu
41%
années
38%
grand
38%
sais
38%
sais,
38%
aussi
35%
me
35%
arrêter
32%
bien
32%
d'amants
32%
grandi
32%
comment?
29%
mieux,
29%
suis
29%
trouvé
29%
vie
29%
vois
29%
ça
26%
construit
26%
est
26%
Est
26%
fait
26%
Finalement,
26%
gardé
26%
il
26%
Indélébile
26%
l'amour
26%
quand
26%
Quand
26%
questions
26%
qui
26%
tout
26%
Tout
26%
vas
26%
vide
26%
avant
24%
changé
24%
d'compter
24%
ici?
21%
rien
21%
file
18%
lits
18%
Même
18%
«toujours»
18%
vrai
18%
peur
15%
tient
15%
m'fait
12%
m'tenais
12%
No matching quizzes found
Score Distribution
Percent of People with Each Score
Percentile by Number Answered
Your Score History
You have not taken this quiz